Manual dos Direitos Trabalhistas do Empregado e do Empregador Doméstico 2014 (Registro nro. 163797)
[ vista simple ]
| 000 -LEADER | |
|---|---|
| fixed length control field | 02264nam a22002657a 4500 |
| 007 - PHYSICAL DESCRIPTION FIXED FIELD--GENERAL INFORMATION | |
| fixed length control field | cr|||| |||| |
| 008 - FIXED-LENGTH DATA ELEMENTS--GENERAL INFORMATION | |
| fixed length control field | 150529s2014 br |||||s|||| 00||0 por d |
| 020 ## - INTERNATIONAL STANDARD BOOK NUMBER | |
| International Standard Book Number | 978-85-361-3182-5 |
| 035 ## - | |
| -- | 12719 |
| 040 ## - CATALOGING SOURCE | |
| Original cataloging agency | vLex |
| 090 ## - | |
| -- | 5456 |
| -- | 5456 |
| 100 1# - MAIN ENTRY--PERSONAL NAME | |
| Personal name | Fagundes Freitas, Christiano Abelardo |
| 245 10 - TITLE STATEMENT | |
| Title | Manual dos Direitos Trabalhistas do Empregado e do Empregador Doméstico 2014 |
| Medium | [Recurso electrónico] / |
| Statement of responsibility, etc | Christiano Abelardo Fagundes Freitas, Léa Cristina Barboza Da Silva Paiva |
| 256 ## - | |
| -- | Servicio en línea |
| 260 ## - PUBLICATION, DISTRIBUTION, ETC. (IMPRINT) | |
| Place of publication, distribution, etc | San Pablo: |
| Name of publisher, distributor, etc | LTR Editora, |
| Date of publication, distribution, etc | 2014 |
| 300 ## - PHYSICAL DESCRIPTION | |
| Extent | 1 recurso electrónico |
| 500 ## - GENERAL NOTE | |
| General note | Quando o assunto em questão são os direitos trabalhistas dos empregados domésticos, muitos são os questionamentos que surgem. Assim, este Manual dos Direitos Trabalhistas do Empregado e do Empregador Doméstico vem em um momento bastante oportuno, mormente, pelas dúvidas oriundas da Emenda Constitucional n. 72/2013. A Emenda Constitucional n. 72/2013 ampliou, de forma significativa, o rol dos direitos trabalhistas do empregado doméstico, mas existem muitos deles que ainda dependem de regulamentação. Fruto da larga experiência dos autores, tanto na advocacia trabalhista, como no magistério superior, Manual dos Direitos Trabalhistas do Empregado e do Empregador Doméstico, de forma bastante didática, aborda os direitos dos empregados domésticos já em vigor, os que dependem de regulamentação e os direitos não assegurados a essa categoria profissional. A obra registra, ainda, jurisprudências e doutrina acerca dos temas analisados, constituindo-se valiosa fonte de consulta. |
| 506 1# - RESTRICTIONS ON ACCESS NOTE | |
| Terms governing access | Disponible solo en los productos indicados |
| Authorized users | vLex Global |
| -- | vLex Global (Academic Edition, excluding Law Schools) |
| -- | vLex Global (U.S. Academic Edition, Law Schools) |
| -- | vLex Global (U.S. Academic Edition, excluding Law Schools) |
| -- | vLex Global (Academic Edition, Law Schools) |
| 650 04 - SUBJECT ADDED ENTRY--TOPICAL TERM | |
| Topical term or geographic name as entry element | Derecho Laboral y Seguridad Social |
| Geographic subdivision | Brasil |
| 700 1# - ADDED ENTRY--PERSONAL NAME | |
| Personal name | Da Silva Paiva, Léa Cristina Barboza |
| 740 0# - | |
| -- | vLex Libros (Servicio en línea) |
| 856 40 - LOCALIZACIÓN Y ACCESO ELECTRÓNICO | |
| Identificador Uniforme del Recurso (URI/URL) | https://app.vlex.com/#/sources/manual-dos-direitos-trabalhistas-do-empregado-e-do-empregador-domestico-2014-12719 |
| 942 ## - | |
| -- | RAA |
| 999 ## - | |
| -- | 163797 |
| -- | 163797 |
No hay ítems disponibles.